000 00553nam a2200193Ia 4500
005 20250508161249.0
008 008 250505s9999 xx 000 0 eng d
037 _aTextBook
040 _aFEDL
_beng
_cFEDL
041 _aeng
_2eng
084 _a519.5, GUP
_qFEDL
100 _aGupta S P
245 0 _aStatistical methods. V 1
260 _aDelhi, India
_bSultan Chand and Sons
_c1972
300 _axii,3.264p
650 _aApplied Mathematics; Statistical Mathematics
_9770477
942 _cTB
_h519.5, GUP
999 _c1369219
_d1369219